书目信息 |
| 题名: |
高分子科学教程
|
|
| 作者: | 韩哲文 主编 | |
| 分册: | ||
| 出版信息: | 上海 华东理工大学出版社 2011.02 |
|
| 页数: | 389页 | |
| 开本: | 26cm | |
| 丛书名: | ||
| 单 册: | ||
| 中图分类: | O63-43 | |
| 科图分类: | ||
| 主题词: | 高聚物--gao ju wu--教材 | |
| 电子资源: | ||
| ISBN: | 978-7-5628-2941-6 | |
| 000 | 00916nam0 2200265 450 | |
| 001 | 012011975523 | |
| 005 | 20110427142732.04 | |
| 010 | @a978-7-5628-2941-6@dCNY39.50 | |
| 100 | @a20110427d2011 em y0chiy0120 ea | |
| 101 | 0 | @achi |
| 102 | @aCN@b310000 | |
| 105 | @aak z 000yy | |
| 106 | @ar | |
| 200 | 1 | @a高分子科学教程@Agao fen zi ke xue jiao cheng@d= Textbook of polymer science@f韩哲文主编@Fhan zhe wen zhu bian@zeng |
| 205 | @a第2版 | |
| 210 | @a上海@c华东理工大学出版社@d2011.02 | |
| 215 | @a389页@c图@d26cm | |
| 300 | @a普通高等教育“十一五”国家级规划教材 | |
| 330 | @a本书分为13章,内容包含:绪论、逐步聚合、自由基聚合、离子和开环及受控聚合、共聚合及聚合物的化学反应等。 | |
| 510 | 1 | @aTextbook of polymer science@zeng |
| 606 | 0 | @a高聚物@Agao ju wu@j教材 |
| 690 | @aO63-43@v4 | |
| 701 | 0 | @a韩哲文@Ahan zhe wen@4主编 |
| 801 | 0 | @aCN@bQSSK@c20110427 |
| 905 | @b792998-300@dO63-43@eH107@f3 | |
| 高分子科学教程= Textbook of polymer science/韩哲文主编.-第2版.-上海:华东理工大学出版社,2011.02 |
| 389页:图;26cm |
| 普通高等教育“十一五”国家级规划教材 |
| ISBN 978-7-5628-2941-6:CNY39.50 |
| 本书分为13章,内容包含:绪论、逐步聚合、自由基聚合、离子和开环及受控聚合、共聚合及聚合物的化学反应等。 |
| ● |
| 相关链接 |
|
|
|
正题名:高分子科学教程
索取号:O63-43/H107
 
预约/预借
| 序号 | 登录号 | 条形码 | 馆藏地/架位号 | 状态 | 备注 |
| 1 | 792998 | 207929982 | 自科库401/401自科库 93排1列5层/ [索取号:O63-43/H107] | 在馆 | |
| 2 | 792999 | 207929991 | 自科库401/401自科库 93排1列5层/ [索取号:O63-43/H107] | 在馆 | |
| 3 | 793000 | 207930006 | 自科库401/401自科库 93排1列5层/ [索取号:O63-43/H107] | 在馆 |